Normal view
MARC view
- KING, MARTIN LUTHER,
Entry Nombre Personal
001 - NUMERO DE CONTROL
- campo de control: 20049
003 - IDENTIFICADOR DE NUMERO DE CONTROL
- campo de control: UPN
005 - FECHA Y HORA DE LA ÜLTIMA TRANSACCIÓN
- campo de control: 20210219193925.0
008 - DATOS DE LONGITUD FIJA
- campo de control de longitud fija: nabaccnnaabn|||||||||| b |nc|||||d
035 ## - NUMERO DE CONTROL
- Número de control: UPN10000020058
040 ## - FUENTE DE CATALOGACIÓN
- Lenguaje de catalogación: SPA
- Agencia de transcripción: UPN
053 #4 - NÚMERO DE CLASIFICACIÓN LC
- Número de clasificación elemento-número único o número inicial de tramo: E185.97 K5
100 1# - ENCABEZAMIENTO - NOMBRE PERSONAL
- Nombre personal: KING, MARTIN LUTHER,
- Fechas asociadas con el nombre: 1929-1968 -
- Subdivisión de forma: LITERATURA JUVENIL
670 ## - FUENTE EN LA QUE SE LOCALIZARON DATOS
- Cita de la fuente: T/P
- Información localizada: Salvat universal
902 ## - CATALOGADOR
- Catalogador: MCM/270212
